| 000 | 01871cam a22003617a 4500 | ||
|---|---|---|---|
| 005 | 20260322212034.0 | ||
| 008 | data | ||
| 010 | _a 2010282438 | ||
| 020 | _a9780756667337 | ||
| 020 | _a075666733X | ||
| 040 |
_aBTCTA _beng _cBTCTA _dDLC _dDPL _dWL8 _dDLC |
||
| 042 | _alccopycat | ||
| 050 | 0 | 0 |
_aQM25 _b.C66 2010 |
| 082 | 0 | 4 |
_a612 _222 |
| 092 | _a612 C66 2010 | ||
| 245 | 1 | 4 |
_aThe complete human body : _bthe definitive visual guide / _cAlice M. Roberts. |
| 250 | _a1st American ed. | ||
| 260 |
_aNew York, N.Y. : _bDK Publishing, _c2010. |
||
| 300 |
_a512 p. : _bcol. ill. ; _c31 cm. + _e1 DVD-ROM ; 4 3/4 in. |
||
| 500 | _aIncludes index. | ||
| 505 | 0 | _aThe integrated body -- Anatomy -- How the body works -- Life cycle -- Diseases and disorders. | |
| 520 | _a"Understand the human body as never before, from the smallest components of a cell to complex body systems. Explore human anatomy in incredible detail and clarity through virtually life-size 3-D illustrations and scans. Discover how the body works, how it changes from infancy to old age, and what can go wrong and why"--Cover, P. [4]. | ||
| 650 | 0 |
_aHuman anatomy _vPictorial works. |
|
| 650 | 0 |
_aHuman body _vPictorial works. |
|
| 650 | 0 |
_aHuman physiology _vPictorial works. |
|
| 700 | 1 | _aRoberts, Alice M. | |
| 856 | 4 | 2 |
_3Contributor biographical information _uhttp://www.loc.gov/catdir/enhancements/fy1101/2010282438-b.html |
| 856 | 4 | 2 |
_3Publisher description _uhttp://www.loc.gov/catdir/enhancements/fy1101/2010282438-d.html |
| 906 |
_a7 _bcbc _ccopycat _d2 _encip _f20 _gy-gencatlg |
||
| 925 | 0 |
_aacquire _b2 shelf copies _xpolicy default |
|
| 955 |
_dxh06 2012-01-20 2 copies to M.Lynch MBRS for DVD _evk67 2012-01-23 books, c1-2, , with accompanying electronic resources, to BCCD , then MRC |
||
| 001 | data | ||
| 999 |
_c791 _d791 |
||